000 00616cam a2200229 4500
008 090401t1997 xxu||||| |||| 00| 0 eng d
020 _a1860811361
035 _a(Sirsi) u77848
041 _aeng
050 _a690
110 _aBuilding Research Establishment
245 _aTreating condensation in houses.
260 _aLondon
_bConstruction Research Communications Ltd
_c1997
300 _a4p. : ill. ; 30cm.
350 _a0
490 _aBRE Good Repair Guide
_v7
650 _aCONDENSATION
650 _aDAMP
690 _aBUILT ENVIRONMENT-BUILDING PATHOLOGY
942 _n0
948 _c22/04/1997
999 _c96366
_d96366